[Event "Titled Tuesday intern op 21st April"]
[Site "Chess.com INT"]
[Date "2020.04.21"]
[Round "5"]
[White "Gasanov, Eldar"]
[Black "Kouzari, Michael"]
[Result "1-0"]
[WhiteElo "2481"]
[BlackElo "2597"]
[PlyCount "77"]
[EventDate "2020.04.21"]
[EventType "swiss (blitz)"]
[EventRounds "10"]
[EventCountry "USA"]
[SourceTitle "EXT 2021"]
[Source "ChessBase"]
[SourceDate "2020.10.23"]
[SourceVersion "1"]
[SourceVersionDate "2020.10.23"]
[SourceQuality "1"]

1. d4 Nf6 2. Nf3 c5 3. d5 e6 4. c4 exd5 5. cxd5 d6 6. e4 g6 7. Bd3 Bg7 8. 0-0 0-0 9. h3 Re8 10. Re1 Nbd7 11. Nc3 a6 12. a4 Ne5 13. Nxe5 Rxe5 14. Bc4 Re8 15. f4 Nh5 16. Qf3 f5 17. Bd2 Bd4+ 18. Kh2 Nf6 19. exf5 Bxf5 20. Rxe8+ Qxe8 21. Re1 Qd7 22. g4 Bxg4 23. hxg4 Nxg4+ 24. Kg2 Rf8 25. Re6 Ne5 26. Qe2 Nxc4 27. Qxc4 Qd8 28. Qe2 Qh4 29. Ne4 Bxb2 30. Be1 Qxf4 31. Bg3 Qf5 32. Rxd6 Bd4 33. a5 h5 34. Nf2 Kh7 35. Qe6 Qf3+ 36. Kh2 Bxf2 37. Qxg6+ Kh8 38. Be5+ Rf6 39. Rd8# 1-0

[Event "Titled Tuesday intern op 6th Nov"]
[Site "Chess.com INT"]
[Date "2018.11.06"]
[Round "3"]
[White "Mohammad, Nubairshah Shaikh"]
[Black "Kouzari, Michael"]
[Result "1-0"]
[WhiteElo "2443"]
[BlackElo "2565"]
[PlyCount "133"]
[EventDate "2018.11.06"]
[EventType "swiss (blitz)"]
[EventRounds "10"]
[EventCountry "USA"]
[SourceTitle "EXT 2021"]
[Source "ChessBase"]
[SourceDate "2020.10.23"]
[SourceVersion "1"]
[SourceVersionDate "2020.10.23"]
[SourceQuality "1"]

1. d4 Nf6 2. c4 e6 3. Nc3 Bb4 4. Qc2 d5 5. cxd5 Qxd5 6. Nf3 b6 7. Bd2 Bxc3 8. Bxc3 0-0 9. e3 Ba6 10. Be2 Bxe2 11. Qxe2 Nbd7 12. 0-0 Ne4 13. Rfc1 Rfd8 14. Be1 Qb7 15. Nd2 Nxd2 16. Bxd2 Rac8 17. b4 e5 18. dxe5 Nxe5 19. Bc3 Nd3 20. Rd1 Qe4 21. b5 Qc4 22. Bd4 Ne5 23. Qb2 Nd3 24. Qa3 Nf4 25. exf4 Rxd4 26. Rxd4 Qxd4 27. Re1 Qd2 28. Qe3 Qxe3 29. Rxe3 Kf8 30. Rc3 c5 31. bxc6 Ke7 32. h4 Kd6 33. Rg3 g6 34. f5 Rxc6 35. fxg6 fxg6 36. h5 Kd5 37. h6 a5 38. Rd3+ Kc4 39. Rd7 g5 40. Rxh7 b5 41. Rh8 Kb4 42. h7 Rh6 43. g4 a4 44. f4 gxf4 45. Kf2 Ka3 46. g5 Rh2+ 47. Kf3 b4 48. g6 Kxa2 49. g7 a3 50. g8Q+ b3 51. Qc4 Rh3+ 52. Kxf4 Rh4+ 53. Kg5 Rxc4 54. Rf8 b2 55. h8Q b1Q 56. Rf2+ Rc2 57. Qg8+ Ka1 58. Qg7+ Qb2 59. Rf1+ Ka2 60. Qf7+ Qb3 61. Ra1+ Kxa1 62. Qxb3 a2 63. Kf4 Rb2 64. Qd1+ Rb1 65. Qd4+ Rb2 66. Ke3 Kb1 67. Qd1# 1-0

[Event "Titled Tuesday intern op 2nd Oct"]
[Site "Chess.com INT"]
[Date "2018.10.02"]
[Round "6"]
[White "Kouzari, Michael"]
[Black "Asgarizadeh, Ahmad"]
[Result "0-1"]
[WhiteElo "2476"]
[BlackElo "2428"]
[PlyCount "113"]
[EventDate "2018.10.02"]
[EventType "swiss (blitz)"]
[EventRounds "10"]
[EventCountry "USA"]
[SourceTitle "EXT 2021"]
[Source "ChessBase"]
[SourceDate "2020.10.23"]
[SourceVersion "1"]
[SourceVersionDate "2020.10.23"]
[SourceQuality "1"]

1. d4 d5 2. c4 dxc4 3. e4 Nf6 4. e5 Nd5 5. Bxc4 Bf5 6. Ne2 Nb6 7. Bb3 e6 8. Nbc3 Nc6 9. 0-0 Qd7 10. Be3 Nb4 11. Ng3 Bg6 12. a3 N4d5 13. Nce4 h5 14. h4 Be7 15. Bg5 f6 16. Nc5 Bxc5 17. dxc5 fxg5 18. cxb6 gxh4 19. Bxd5 exd5 20. Ne2 axb6 21. Nf4 Be4 22. f3 Bf5 23. Qxd5 c6 24. Qxd7+ Kxd7 25. Rfd1+ Ke7 26. Rd6 g5 27. Ng6+ Bxg6 28. Rxg6 Rag8 29. Rd6 Rd8 30. Rad1 Rhf8 31. Kf2 Rxd6 32. Rxd6 Rf5 33. Rh6 Rxe5 34. Rh7+ Kf6 35. Rxb7 Rb5 36. b4 Ke5 37. Rg7 Kd4 38. Rg6 Kc3 39. Rxc6+ Kb3 40. Rh6 Kxa3 41. Rxh5 Kxb4 42. f4 gxf4 43. Rxh4 Rf5 44. Kf3 b5 45. Ke4 Rf8 46. Kd3 Kb3 47. Kd2 b4 48. Kc1 Ka2 49. Rh7 Ra8 50. Rc7 b3 51. Rb7 Rc8+ 52. Kd2 Rc2+ 53. Kd3 Rxg2 54. Ra7+ Kb1 55. Rf7 Rf2 56. Kc3 b2 57. Ra7 0-1

[Event "Titled Tuesday intern op 4th Sept"]
[Site "Chess.com INT"]
[Date "2018.09.04"]
[Round "2"]
[White "Kouzari, Michael"]
[Black "Pace, Christopher"]
[Result "1-0"]
[WhiteElo "2465"]
[BlackElo "2120"]
[PlyCount "69"]
[EventDate "2018.09.04"]
[EventType "swiss (blitz)"]
[EventRounds "10"]
[EventCountry "USA"]
[SourceTitle "EXT 2021"]
[Source "ChessBase"]
[SourceDate "2020.10.23"]
[SourceVersion "1"]
[SourceVersionDate "2020.10.23"]
[SourceQuality "1"]

1. d4 Nf6 2. c4 g6 3. Nc3 Bg7 4. e4 0-0 5. Be2 c5 6. d5 d6 7. Be3 b5 8. cxb5 a6 9. bxa6 Bxa6 10. Nf3 Qb6 11. Rb1 Nbd7 12. 0-0 Rfb8 13. Nd2 Ne5 14. h3 Nh5 15. b4 Bxe2 16. Qxe2 Qc7 17. bxc5 dxc5 18. g4 Nf6 19. f4 Ned7 20. e5 Nxe5 21. fxe5 Qxe5 22. Bf4 Qd4+ 23. Qe3 Rxb1 24. Rxb1 Nxd5 25. Nxd5 Qxd5 26. Nf3 Qxa2 27. Rb7 Qd5 28. Rxe7 Bf8 29. Re5 Ra1+ 30. Kg2 Ra2+ 31. Kg3 Qd1 32. Re8 Qh1 33. Rxf8+ Kxf8 34. Bh6+ Kg8 35. Qe8# 1-0

[Event "Titled Tuesday intern op 1st May"]
[Site "Chess.com INT"]
[Date "2018.05.01"]
[Round "5"]
[White "Yuan, Qingyu"]
[Black "Kouzari, Michael"]
[Result "1-0"]
[WhiteElo "2393"]
[BlackElo "2625"]
[PlyCount "119"]
[EventDate "2018.05.01"]
[EventType "swiss (blitz)"]
[EventRounds "10"]
[EventCountry "USA"]
[SourceTitle "EXT 2021"]
[Source "ChessBase"]
[SourceDate "2020.10.23"]
[SourceVersion "1"]
[SourceVersionDate "2020.10.23"]
[SourceQuality "1"]

1. Nf3 d5 2. d4 c6 3. c4 Nf6 4. e3 Bf5 5. Nc3 e6 6. Bd3 Bxd3 7. Qxd3 Nbd7 8. 0-0 Bb4 9. Bd2 Bxc3 10. Bxc3 0-0 11. b3 Re8 12. Bb2 Qb6 13. Rac1 Qa6 14. Qb1 Ne4 15. Rfd1 b5 16. cxd5 cxd5 17. Ne1 Rac8 18. Nd3 Rxc1 19. Rxc1 Rc8 20. f3 Nef6 21. Nc5 Nxc5 22. dxc5 b4 23. Bxf6 gxf6 24. Qb2 e5 25. Qd2 Qb7 26. h3 a5 27. Kh2 Qc6 28. Qd3 Rd8 29. Qf5 d4 30. exd4 Rxd4 31. Rc2 Rf4 32. Qd3 Rd4 33. Qe3 Kg7 34. Qe1 h5 35. Qg3+ Kh7 36. Qf2 h4 37. Rc4 Rxc4 38. bxc4 a4 39. Qxh4+ Kg7 40. Qf2 Kf8 41. Qe3 Qb7 42. h4 b3 43. c6 Qxc6 44. axb3 a3 45. Qa7 Qd6 46. c5 Qd4 47. Qa5 Qxh4+ 48. Kg1 Qd4+ 49. Kh2 Qf4+ 50. Kh1 Qc1+ 51. Kh2 Qf4+ 52. Kh1 Qh4+ 53. Kg1 Qd4+ 54. Kh2 Qb2 55. c6 a2 56. c7 a1Q 57. c8Q+ Kg7 58. Qg4+ Kh6 59. Qd8 Qbb1 60. Qh8+ 1-0

[Event "Titled Tuesday intern op 3rd Oct"]
[Site "Chess.com INT"]
[Date "2017.10.03"]
[Round "6"]
[White "Kouzari, Michael"]
[Black "Firat, Burak"]
[Result "1-0"]
[WhiteElo "2541"]
[BlackElo "2460"]
[PlyCount "67"]
[EventDate "2017.10.03"]
[EventType "swiss (blitz)"]
[EventRounds "10"]
[EventCountry "USA"]
[SourceTitle "EXT 2021"]
[Source "ChessBase"]
[SourceDate "2020.10.23"]
[SourceVersion "1"]
[SourceVersionDate "2020.10.23"]
[SourceQuality "1"]

1. d4 f5 2. c4 d6 3. Nc3 Nf6 4. h4 c6 5. h5 e5 6. Bg5 h6 7. Bh4 Be7 8. Nf3 e4 9. Nd2 e3 10. Nf3 Ng4 11. fxe3 0-0 12. Qd3 Bxh4+ 13. Rxh4 Qg5 14. g3 Nxe3 15. Kf2 Ng4+ 16. Kg1 Qe7 17. Bh3 Na6 18. Re1 Ne3 19. Ne5 dxe5 20. Qxe3 e4 21. Qf4 Be6 22. b3 Rad8 23. e3 Nb4 24. Bf1 c5 25. d5 Bc8 26. Rh2 Na6 27. Rf2 Nb8 28. Bh3 Nd7 29. Bxf5 Ne5 30. Be6+ Kh8 31. Qxe5 Rxf2 32. Kxf2 Qf8+ 33. Qf4 Bxe6 34. dxe6 1-0

[Event "Titled Tuesday intern op 3rd Oct"]
[Site "Chess.com INT"]
[Date "2017.10.03"]
[Round "7"]
[White "Patrascu, Catalin Lucian"]
[Black "Kouzari, Michael"]
[Result "1-0"]
[WhiteElo "2280"]
[BlackElo "2529"]
[PlyCount "85"]
[EventDate "2017.10.03"]
[EventType "swiss (blitz)"]
[EventRounds "10"]
[EventCountry "USA"]
[SourceTitle "EXT 2021"]
[Source "ChessBase"]
[SourceDate "2020.10.23"]
[SourceVersion "1"]
[SourceVersionDate "2020.10.23"]
[SourceQuality "1"]

1. Nf3 d5 2. g3 c6 3. Bg2 Nf6 4. 0-0 Bf5 5. d3 h6 6. Qe1 e6 7. Nbd2 Be7 8. e4 Bh7 9. a4 a5 10. Ne5 Nbd7 11. Nxd7 Nxd7 12. Nb3 0-0 13. Bd2 b6 14. Bc3 Nc5 15. Nxc5 Bxc5 16. Qe2 Re8 17. Qg4 Qg5 18. Qxg5 hxg5 19. h3 f6 20. Rfe1 Bg6 21. Bd2 Rad8 22. Rab1 dxe4 23. Bxe4 Bxe4 24. Rxe4 e5 25. b4 axb4 26. Bxb4 Rd5 27. Rc4 Bd4 28. Rxc6 e4 29. c3 Bxf2+ 30. Kxf2 exd3 31. g4 Re2+ 32. Kf3 Rh2 33. Rd1 Rxh3+ 34. Kg2 Re3 35. Rxb6 Re4 36. a5 Rxg4+ 37. Kf3 Rf4+ 38. Ke3 Re5+ 39. Kxd3 Rd5+ 40. Kc2 Rf2+ 41. Kb3 Rxd1 42. a6 Ra1 43. Kc4 1-0

[Event "Titled Tuesday intern op 6th Dec 10am"]
[Site "Chess.com INT"]
[Date "2016.12.06"]
[Round "5"]
[White "Kouzari, Michael"]
[Black "Sethuraman, SP."]
[Result "0-1"]
[WhiteElo "2476"]
[BlackElo "2647"]
[PlyCount "80"]
[EventDate "2016.12.06"]
[EventType "swiss (blitz)"]
[EventRounds "9"]
[EventCountry "USA"]
[SourceTitle "EXT 2021"]
[Source "ChessBase"]
[SourceDate "2020.10.23"]
[SourceVersion "1"]
[SourceVersionDate "2020.10.23"]
[SourceQuality "1"]

1. d4 Nf6 2. c4 e6 3. Nc3 Bb4 4. g3 d5 5. Bg2 0-0 6. Nf3 dxc4 7. 0-0 Nc6 8. a3 Be7 9. e4 Rb8 10. Qe2 b5 11. Bf4 Na5 12. Rad1 Ba6 13. Ne5 b4 14. axb4 Bxb4 15. g4 Nd7 16. g5 Nxe5 17. dxe5 Qe7 18. Qh5 Rfd8 19. Ra1 Bb7 20. Qg4 Rd3 21. h4 Rbd8 22. h5 a6 23. g6 fxg6 24. hxg6 h6 25. Bh3 Bc8 26. Bg3 Qc5 27. Qf4 Rf8 28. Qh4 Nb3 29. Rad1 Nd2 30. Rxd2 Rxd2 31. Bf4 Rd3 32. Bg4 Rxf4 33. Bxe6+ Bxe6 34. Qxf4 Qe7 35. Ra1 a5 36. Nd5 Bxd5 37. exd5 Rxd5 38. Qxc4 Qe6 39. Qxc7 Qxg6+ 40. Kf1 Qe4 0-1

[Event "Titled Tuesday intern op 4th Oct"]
[Site "Chess.com INT"]
[Date "2016.10.04"]
[Round "2"]
[White "Kouzari, Michael"]
[Black "Klotz Burwell, Hunter P"]
[Result "1-0"]
[WhiteElo "2463"]
[BlackElo "2140"]
[PlyCount "97"]
[EventDate "2016.10.04"]
[EventType "swiss (blitz)"]
[EventRounds "9"]
[EventCountry "USA"]
[SourceTitle "EXT 2021"]
[Source "ChessBase"]
[SourceDate "2020.10.23"]
[SourceVersion "1"]
[SourceVersionDate "2020.10.23"]
[SourceQuality "1"]

1. d4 Nf6 2. c4 e6 3. Nc3 d5 4. cxd5 exd5 5. Bg5 c6 6. e3 Be7 7. Bd3 Nbd7 8. Nf3 0-0 9. 0-0 Re8 10. Qc2 Nf8 11. h3 g6 12. Bh6 Ne6 13. Ne5 Ng7 14. g4 Nd7 15. f4 Nxe5 16. fxe5 Bg5 17. Bxg5 Qxg5 18. Qf2 Be6 19. Qf4 Qh4 20. Kg2 h5 21. Qg3 Qg5 22. Rf4 Bd7 23. h4 Qe7 24. g5 Bf5 25. Bxf5 Nxf5 26. Rxf5 gxf5 27. Rf1 Qd7 28. Rf4 c5 29. Qf3 Rad8 30. Rxf5 cxd4 31. exd4 b5 32. Ne2 Rc8 33. Ng3 Rc2+ 34. Kh3 Rec8 35. Nxh5 R8c6 36. Nf6+ Rxf6 37. gxf6 Kf8 38. Qg4 Qc8 39. Qg7+ Ke8 40. Qg8+ Kd7 41. Qxc8+ Kxc8 42. e6 fxe6 43. f7 exf5 44. f8Q+ Kb7 45. Qxf5 Rxb2 46. Qxd5+ Kb6 47. h5 b4 48. h6 b3 49. Qxb3+ 1-0

[Event "Titled Tuesday intern op1 6th Sept"]
[Site "Chess.com INT"]
[Date "2016.09.06"]
[Round "3"]
[White "Moradiabadi, Elshan"]
[Black "Kouzari, Michael"]
[Result "1-0"]
[WhiteElo "2595"]
[BlackElo "2467"]
[PlyCount "63"]
[EventDate "2016.09.06"]
[EventType "swiss (blitz)"]
[EventRounds "9"]
[EventCountry "USA"]
[SourceTitle "EXT 2021"]
[Source "ChessBase"]
[SourceDate "2020.10.23"]
[SourceVersion "1"]
[SourceVersionDate "2020.10.23"]
[SourceQuality "1"]

1. d4 Nf6 2. Nf3 e6 3. Bf4 b6 4. e3 Bb7 5. c4 c5 6. d5 exd5 7. Nc3 dxc4 8. Bxc4 Be7 9. Nb5 0-0 10. Nc7 Nh5 11. Bd6 Bxd6 12. Qxd6 Bxf3 13. gxf3 Qh4 14. Rc1 Nc6 15. Nxa8 Rxa8 16. Rg1 Re8 17. Rc3 Nd4 18. Qd5 Rf8 19. exd4 Qxh2 20. Qg5 Re8+ 21. Re3 Rxe3+ 22. fxe3 h6 23. Qg2 Qd6 24. Qg4 cxd4 25. Bxf7+ Kf8 26. Bxh5 Qb4+ 27. Kf1 Qb5+ 28. Kg2 dxe3 29. Qf4+ Kg8 30. Qf7+ Kh8 31. Qe8+ Kh7 32. Bg6# 1-0